LEADER 02713nam 22006253u 450 001 9910459172503321 005 20210114210545.0 010 $a1-282-89981-3 010 $a9786612899812 010 $a0-7486-4324-9 035 $a(CKB)2670000000054410 035 $a(EBL)615831 035 $a(OCoLC)690162718 035 $a(SSID)ssj0000414798 035 $a(PQKBManifestationID)11311493 035 $a(PQKBTitleCode)TC0000414798 035 $a(PQKBWorkID)10409259 035 $a(PQKB)11708747 035 $a(MiAaPQ)EBC615831 035 $a(EXLCZ)992670000000054410 100 $a20130418d2010 uy 0 101 0 $aeng 135 $aur|n||||||||| 181 $ctxt 182 $cc 183 $acr 200 10$aContemporary British drama$b[electronic resource] /$fDavid Lane 210 $aEdinburgh $cEdinburgh University Press$d2010 215 $a1 online resource (241 p.) 225 1 $aEdinburgh critical guides to literature 300 $aDescription based upon print version of record. 311 $a0-7486-3822-9 327 $aCOVER; Copyright; Contents; Series Preface; Acknowledgements; Chronology; Introduction; Chapter 1 In-Yer-Face Theatre and Legacies of the New Writing Boom; Chapter 2 Verbatim Theatre ? The Rise of a Political Voice; Chapter 3 Writing and Devising ? The Call for Collaboration; Chapter 4 Black and Asian Writers ? A Question of Representation; Chapter 5 Theatre for Young People ? Audiences of Today; Chapter 6 Adaptation and Transposition ? Reinterpreting the Past; Conclusion; Student Resources; Index 330 $aThis book offers an extended analysis of writers and theatre companies in Britain since 1995, and explores them alongside recent cultural, social and political developments. Referencing well-known practitioners from modern theatre, this book is an excellent introduction to how contemporary drama is made and analysed. 410 0$aEdinburgh critical guides to literature. 606 $aEnglish drama$y20th century$xHistory and criticism 606 $aEnglish drama$y21st century$xHistory and criticism 606 $aEnglish$2HILCC 606 $aEnglish Literature$2HILCC 606 $aLanguages & Literatures$2HILCC 608 $aElectronic books. 615 0$aEnglish drama$xHistory and criticism. 615 0$aEnglish drama$xHistory and criticism. 615 7$aEnglish 615 7$aEnglish Literature 615 7$aLanguages & Literatures 676 $a822.91409 700 $aLane$b David$f1980-$0973603 801 0$bAU-PeEL 801 1$bAU-PeEL 801 2$bAU-PeEL 906 $aBOOK 912 $a9910459172503321 996 $aContemporary British drama$92215048 997 $aUNINA LEADER 01677nam0 22003731i 450 001 UON00204019 005 20231205103305.181 100 $a20030730d1986 |0itac50 ba 101 $afre 102 $aBE 105 $a|||| 1|||| 200 1 $aCentenaire du Symbolisme en Belgique$eElskamp, Maeterlinck, Mockel, Rodenbach, van Lerberghe, Verhaeren$f[Michel Otten ... [et al.] 205 $aLouvain : Université Catholique de Louvain$b1986 210 $aP. 201-339$a24 cm 215 $aEstr. da: Les Lettres romaines, (1986),n.3-4. 316 $aDono prof. G. Menichelli$5IT-UONSI FranceseXI BCen 410 1$1001UON00173871$12001 $aˆLes ‰Lettres Romanes$1210 $aLouvain$cUniversité Catholique de Louvain.$vN° 3-4 606 $aVAN LERBERGHE CHARLES$3UONC042656$2FI 606 $aMAETERLINCK MAURICE$3UONC042686$2FI 606 $aSIMBOLISMO$xBelgio$3UONC042687$2FI 606 $aELSKAMP MAX$3UONC042688$2FI 606 $aRODENBACH GEORGES$3UONC042689$2FI 606 $aMOCKEL ALBERT$3UONC042690$2FI 606 $aVERNHAEREN ÉMILE$3UONC042691$2FI 620 $aBE$dLouvain$3UONL000316 676 $aB840$cLetterature delle lingue romanze. Belgio.$v21 702 1$aOTTEN$bMichel$3UONV121048 712 $aUniversité Catholique de Louvain$3UONV270253$4650 801 $aIT$bSOL$c20240220$gRICA 899 $aSIBA - SISTEMA BIBLIOTECARIO DI ATENEO$2UONSI 912 $aUON00204019 950 $aSIBA - SISTEMA BIBLIOTECARIO DI ATENEO$dSI Francese XI B Cen $eSI LO 61320 5 Dono prof. G. Menichelli 996 $aCentenaire du symbolisme en Belgique$9161820 997 $aUNIOR